| 000 | 00929nam a2200301Ia 4500 | ||
|---|---|---|---|
| 001 | 37691 | ||
| 003 | IT-RoPAU | ||
| 008 | 130308s9999 xx 000 0 und d | ||
| 040 | _aIT-RoPAU | ||
| 040 | _cIT-RoPAU | ||
| 041 | _aFRANCESE | ||
| 100 | _aArranz Miguel | ||
| 100 | _gCodice Aut. SPICS: 17352 | ||
| 245 | _aLiturgie penitentielle juive apres la destruction du temple (La) | ||
| 245 | _bLiturgie et Remission des Peches | ||
| 250 | _a1a ed. | ||
| 260 | _aROMA | ||
| 260 | _bCLV Edizioni Liturgiche | ||
| 260 | _c1975 [1° Ed.:1975 - Ed.Ling.Originale:1973] | ||
| 300 | _a"17 p. (prefazione: no ; testo: 17 [pagine: 39-55])" | ||
| 500 | _aLiturgia Penitenziale giudaica Prima della Distruzione del Tempio preghiere Penitenziali Ordinarie e Speciali Giorno dell'Espiazione | ||
| 650 | _aPENITENZA | ||
| 650 | _eCodice materia Spics: 9154 | ||
| 942 | _cBK | ||
| 957 | _71 | ||
| 999 |
_c63393 _d63393 |
||
| 999 | _bSI | ||
| 999 | _g1 | ||